000 00536nam a22001937a 4500
003 KOHA_MİRAKIL
005 20251116123256.0
008 251116b tu ||||| |||| 00| 0 tur d
020 _a9786053759829
040 _aTR-AnABB
_btur
_cTR-AnABB
041 _atur
082 _a828.3354
_bREK 2019
100 1 _aRekulak, Jason,
245 1 0 _aİmkansız kale /
_cJason Rekulak
260 _aİstanbul :
_bİthaki Yayınları,
_c2019
300 _a295 sayfa ;
_c20 cm
650 0 4 _aAmerikan edebiyatı, roman
942 _2ddc
_cBK
999 _c9409
_d9409
900 _bGizem YORULMAZ